000
00277nam a2200109Ia 4500
008
201217s9999 xx 000 0 und d
100
_a
Moffat, Donald W. (ed.)
245
0
_a
Concise Desk Book of Business Finance
260
_a
London
_b
Prentice Hall
300
_a
387
942
_c
BK
999
_c
7807
_d
7807